[Event "Rakovnik Regional-chT 1415"]
[Site "Rakovnik"]
[Date "2015.03.01"]
[Round "9.2"]
[White "Pycha, Patrik"]
[Black "Hornicek, Jiri"]
[Result "1/2-1/2"]
[WhiteElo "2035"]
[BlackElo "2166"]
[PlyCount "34"]
[EventDate "2014.10.19"]
[EventType "team-tourn"]
[EventRounds "11"]
[EventCountry "CZE"]
[SourceTitle "EXT 2016"]
[Source "ChessBase"]
[SourceDate "2015.10.08"]
[SourceVersion "1"]
[SourceVersionDate "2015.10.08"]
[SourceQuality "1"]
[WhiteTeam "Vlasim II"]
[BlackTeam "Nymburk Sokol"]
[WhiteTeamCountry "CZE"]
[BlackTeamCountry "CZE"]

1. e4 c5 2. Nc3 e6 3. g3 Nc6 4. Bg2 g6 5. d3 Bg7 6. Be3 d6 7. Qd2 Qa5 8. f4 Nge7 9. Nf3 Nd4 10. 0-0 Nec6 11. Qf2 Nxf3+ 12. Bxf3 Nd4 13. Bg2 0-0 14. Nd1 Qc7 15. c3 Nc6 16. Qd2 f5 17. Nf2 e5 1/2-1/2

[Event "Nachod op 9th"]
[Site "Nachod"]
[Date "2003.??.??"]
[Round "7"]
[White "Hepnar, David"]
[Black "Hornicek, Jiri"]
[Result "1-0"]
[WhiteElo "1670"]
[BlackElo "2202"]
[PlyCount "63"]
[EventDate "2003.??.??"]
[EventType "swiss"]
[EventRounds "9"]
[EventCountry "CZE"]
[SourceTitle "EXT 2007"]
[Source "ChessBase"]
[SourceDate "2006.11.23"]
[SourceVersion "1"]
[SourceVersionDate "2006.11.23"]
[SourceQuality "1"]

1. e4 d5 2. exd5 Nf6 3. c4 e5 4. dxe6 Bxe6 5. Nf3 Nc6 6. Be2 Bc5 7. 0-0 Qd7 8. a3 Nd4 9. b4 Nxe2+ 10. Qxe2 Bd4 11. Ra2 0-0 12. d3 Rfe8 13. Be3 Bg4 14. Nbd2 Rad8 15. Ne4 Nxe4 16. dxe4 Rxe4 17. Rd2 Qe7 18. Rfd1 Rd6 19. h3 Bxe3 20. Rxd6 cxd6 21. hxg4 Bxf2+ 22. Qxf2 Rxg4 23. Qxa7 h6 24. Re1 Qd7 25. Rd1 Qc6 26. Qe3 Rxc4 27. Qd3 Rg4 28. Re1 b5 29. Qf5 Rc4 30. Re7 Rc1+ 31. Kh2 Qc4 32. Re8# 1-0

[Event "CZE-chT2 9900"]
[Site "Czech Republic"]
[Date "2000.??.??"]
[Round "?"]
[White "Hornicek, Jiri"]
[Black "Boukal, Petr"]
[Result "0-1"]
[WhiteElo "2271"]
[BlackElo "2235"]
[PlyCount "74"]
[EventDate "1999.??.??"]
[EventType "team"]
[EventRounds "11"]
[EventCountry "CZE"]
[SourceTitle "EXT 2001"]
[Source "ChessBase"]
[SourceDate "2000.11.22"]
[SourceVersion "1"]
[SourceVersionDate "2000.11.22"]
[SourceQuality "1"]

1. Nf3 g6 2. d4 Nf6 3. c4 Bg7 4. Nc3 d6 5. e4 0-0 6. Be2 e5 7. 0-0 Nc6 8. d5 Ne7 9. Kh1 Ne8 10. a4 h6 11. Ra3 f5 12. exf5 Nxf5 13. Ne4 Nf6 14. Nfd2 Nh7 15. a5 Bd7 16. b4 Qe7 17. Bb2 b6 18. Qa1 Rac8 19. axb6 axb6 20. c5 bxc5 21. bxc5 dxc5 22. Rc1 Nd4 23. Ba6 Rb8 24. Rxc5 Bf5 25. Bc4 Kh8 26. Ra7 Rbc8 27. f3 Qh4 28. Bxd4 exd4 29. Rcxc7 Rxc7 30. Rxc7 Bxe4 31. Nxe4 Be5 32. g3 Qh5 33. Rxh7+ Kxh7 34. Be2 Qf5 35. Qa7+ Qf7 36. Qa3 Rd8 37. d6 Qd5 0-1

[Event "CZE-chTV 9900"]
[Site "Czech Republic"]
[Date "2000.??.??"]
[Round "?"]
[White "Hornicek, Jiri"]
[Black "Zvara, Tomas"]
[Result "0-1"]
[WhiteElo "2271"]
[BlackElo "2075"]
[PlyCount "132"]
[EventDate "1999.??.??"]
[EventType "team"]
[EventRounds "11"]
[EventCountry "CZE"]
[SourceTitle "EXT 2002"]
[Source "ChessBase"]
[SourceDate "2001.11.25"]
[SourceVersion "1"]
[SourceVersionDate "2001.11.25"]
[SourceQuality "1"]

1. c4 c5 2. Nf3 Nc6 3. Nc3 g6 4. g3 Bg7 5. Bg2 e5 6. 0-0 Nge7 7. Ne1 0-0 8. a3 d6 9. b4 cxb4 10. axb4 Nxb4 11. Ba3 Na6 12. Nb5 Nc5 13. Bxc5 dxc5 14. Rxa7 Rxa7 15. Nxa7 Be6 16. Qc2 Qd7 17. Nb5 Nc6 18. d3 Ra8 19. Nf3 Nb4 20. Qb1 h6 21. Nd2 Bh3 22. Ne4 Bxg2 23. Kxg2 f5 24. Nec3 g5 25. f3 h5 26. h3 Ra6 27. Qb3 Rg6 28. Nd5 Nc6 29. e4 g4 30. fxg4 f4 31. gxf4 hxg4 32. f5 gxh3+ 33. Kh1 Rg2 34. Qd1 Qf7 35. Qf3 Nb4 36. Nbc7 Bf6 37. Rg1 Nxd3 38. Rxg2+ hxg2+ 39. Qxg2+ Kf8 40. Ne6+ Ke8 41. Qf3 Nf4 42. Nexf4 exf4 43. Qxf4 Qh5+ 44. Kg2 Qe2+ 45. Kg3 Qe1+ 46. Kg4 Qh4+ 47. Kf3 Qh1+ 48. Ke2 Qg2+ 49. Kd3 Bg5 50. Qb8+ Kf7 51. Qxb7+ Kg8 52. Qc8+ Kh7 53. Qd7+ Kh6 54. Qe6+ Kh5 55. Qg6+ Kh4 56. Ne3 Qf3 57. Qh7+ Kg3 58. Qc7+ Bf4 59. Qxc5 Kf2 60. e5 Bxe3 61. Qc8 Bc5+ 62. Kc2 Qe4+ 63. Kb2 Qd4+ 64. Kb3 Qd3+ 65. Kb2 Qd2+ 66. Kb1 Qb4+ 0-1

[Event "CZE-chT2 9900"]
[Site "Czech Republic"]
[Date "1999.??.??"]
[Round "?"]
[White "Hornicek, Jiri"]
[Black "Klimes, Martin"]
[Result "1/2-1/2"]
[WhiteElo "2271"]
[BlackElo "2140"]
[PlyCount "44"]
[EventDate "1999.??.??"]
[EventType "team"]
[EventRounds "11"]
[EventCountry "CZE"]
[SourceTitle "EXT 2001"]
[Source "ChessBase"]
[SourceDate "2000.11.22"]
[SourceVersion "1"]
[SourceVersionDate "2000.11.22"]
[SourceQuality "1"]

1. Nf3 Nf6 2. g3 g6 3. b3 Bg7 4. Bb2 d5 5. c4 dxc4 6. bxc4 b6 7. Bg2 Bb7 8. 0-0 c5 9. d3 0-0 10. Nbd2 Nc6 11. Ne5 Qc7 12. Nxc6 Bxc6 13. Bxc6 Qxc6 14. a4 a6 15. Nf3 Nd7 16. Bxg7 Kxg7 17. a5 b5 18. d4 bxc4 19. dxc5 Nxc5 20. Qd4+ Kg8 21. Qxc4 Rfc8 22. Rfc1 Qf6 1/2-1/2

[Event "CZE-chT2 9899"]
[Site "Czech Republic"]
[Date "1999.??.??"]
[Round "?"]
[White "Jirka, Jiri"]
[Black "Hornicek, Jiri"]
[Result "0-1"]
[WhiteElo "2315"]
[BlackElo "2270"]
[PlyCount "80"]
[EventDate "1998.??.??"]
[EventType "team"]
[EventRounds "11"]
[EventCountry "CZE"]
[SourceTitle "EXT 2000"]
[Source "ChessBase"]
[SourceDate "1999.11.16"]
[SourceVersion "1"]
[SourceVersionDate "1999.11.16"]
[SourceQuality "1"]

1. d4 Nf6 2. g3 d5 3. c4 c6 4. Bg2 a6 5. Nd2 Bf5 6. Ngf3 e6 7. 0-0 Be7 8. Qb3 Ra7 9. Ne5 0-0 10. h3 h6 11. Qc3 Nbd7 12. Rd1 Nxe5 13. dxe5 d4 14. Qf3 Nd7 15. Qf4 c5 16. g4 Bc2 17. Rf1 Nxe5 18. Qg3 Bd6 19. f4 Ng6 20. Ne4 Kh7 21. Bd2 f5 22. gxf5 exf5 23. Nf2 Qc7 24. Nd3 Ba4 25. Rf2 Bc6 26. Kh1 Be4 27. Rg1 Rf6 28. Ne1 b5 29. b3 bxc4 30. bxc4 Rb7 31. Rgf1 Rb2 32. Bc1 Rxa2 33. Qb3 Qa5 34. Bb2 Qa4 35. Qxa4 Rxa4 36. e3 Rxc4 37. exd4 cxd4 38. Rd2 Bxf4 39. Rxd4 Rxd4 40. Bxd4 Rd6 0-1

[Event "CZE-chTV 9900"]
[Site "Czech Republic"]
[Date "1999.??.??"]
[Round "?"]
[White "Jirovsky, Milos"]
[Black "Hornicek, Jiri"]
[Result "1-0"]
[WhiteElo "2455"]
[BlackElo "2271"]
[PlyCount "65"]
[EventDate "1999.??.??"]
[EventType "team"]
[EventRounds "11"]
[EventCountry "CZE"]
[SourceTitle "EXT 2002"]
[Source "ChessBase"]
[SourceDate "2001.11.25"]
[SourceVersion "1"]
[SourceVersionDate "2001.11.25"]
[SourceQuality "1"]

1. Nf3 d5 2. c4 c6 3. e3 Nf6 4. d4 a6 5. Bd3 Bg4 6. Nbd2 e6 7. Qb3 Ra7 8. Ne5 Bf5 9. cxd5 cxd5 10. Bxf5 exf5 11. Ndf3 Bd6 12. Bd2 0-0 13. 0-0 Nbd7 14. Rac1 Re8 15. Bb4 Qb6 16. Bxd6 Qxd6 17. Rc2 Rb8 18. Rfc1 Ne8 19. Nxd7 Qxd7 20. Rc5 Rd8 21. Ne5 Qe6 22. h3 g6 23. a4 Kg7 24. a5 h6 25. Nd3 g5 26. R1c3 Kg8 27. Ne5 Kg7 28. Qa2 Raa8 29. Rb3 Rab8 30. Rb6 Rd6 31. Rxd6 Nxd6 32. Qxd5 Qe7 33. Nc4 1-0

[Event "CZE-chT2 9900"]
[Site "Czech Republic"]
[Date "1999.??.??"]
[Round "?"]
[White "Rehak, Martin"]
[Black "Hornicek, Jiri"]
[Result "1/2-1/2"]
[WhiteElo "2225"]
[BlackElo "2271"]
[PlyCount "49"]
[EventDate "1999.??.??"]
[EventType "team"]
[EventRounds "11"]
[EventCountry "CZE"]
[SourceTitle "EXT 2001"]
[Source "ChessBase"]
[SourceDate "2000.11.22"]
[SourceVersion "1"]
[SourceVersionDate "2000.11.22"]
[SourceQuality "1"]

1. e4 c5 2. Nf3 Nc6 3. Bb5 d6 4. 0-0 Bd7 5. Re1 Nf6 6. c3 a6 7. Bxc6 Bxc6 8. d4 Bxe4 9. Bg5 d5 10. Nbd2 cxd4 11. Bxf6 gxf6 12. Nxe4 dxe4 13. Nxd4 Qd5 14. Qa4+ Qd7 15. Qc4 f5 16. Rad1 Rc8 17. Qe2 e5 18. Nb3 Qe6 19. f3 Bg7 20. fxe4 0-0 21. exf5 Qxf5 22. Rf1 Qe6 23. Qe4 Qb6+ 24. Kh1 Rcd8 25. Rd5 1/2-1/2

[Event "Pardubice Telecom op"]
[Site "Pardubice"]
[Date "1998.??.??"]
[Round "2"]
[White "Hornicek, Jiri"]
[Black "Malashenko, Alyona"]
[Result "1/2-1/2"]
[WhiteElo "2265"]
[BlackElo "2150"]
[PlyCount "54"]
[EventDate "1998.07.??"]
[EventType "swiss"]
[EventRounds "9"]
[EventCountry "CZE"]
[SourceTitle "EXT 2000"]
[Source "ChessBase"]
[SourceDate "1999.11.16"]
[SourceVersion "1"]
[SourceVersionDate "1999.11.16"]
[SourceQuality "1"]

1. Nf3 Nf6 2. g3 g6 3. b3 Bg7 4. Bb2 0-0 5. Bg2 d6 6. d4 c5 7. d5 b5 8. 0-0 Nbd7 9. Nfd2 Nb6 10. c4 Qd7 11. Na3 bxc4 12. Ndxc4 Nxc4 13. Nxc4 Ba6 14. Rc1 Qc7 15. h3 Rfb8 16. e4 Nd7 17. Bxg7 Kxg7 18. f4 Rb4 19. Re1 Bxc4 20. Rxc4 Rxc4 21. bxc4 Rb8 22. Qa1+ f6 23. h4 Rb4 24. Qc3 Ra4 25. a3 Qa5 26. Qxa5 Rxa5 27. Re3 Ra4 1/2-1/2

[Event "Pardubice Telecom op"]
[Site "Pardubice"]
[Date "1998.??.??"]
[Round "3"]
[White "Macharacek, Simon"]
[Black "Hornicek, Jiri"]
[Result "0-1"]
[WhiteElo "2000"]
[BlackElo "2265"]
[PlyCount "102"]
[EventDate "1998.07.??"]
[EventType "swiss"]
[EventRounds "9"]
[EventCountry "CZE"]
[SourceTitle "EXT 2000"]
[Source "ChessBase"]
[SourceDate "1999.11.16"]
[SourceVersion "1"]
[SourceVersionDate "1999.11.16"]
[SourceQuality "1"]

1. d4 d5 2. Nf3 Nf6 3. c4 c6 4. Nc3 e6 5. e3 Nbd7 6. Qc2 Bd6 7. Bd2 0-0 8. 0-0-0 b5 9. e4 b4 10. e5 bxc3 11. Bxc3 Be7 12. exf6 Nxf6 13. Ne5 Qb6 14. c5 Qc7 15. Bd3 h6 16. g4 Nd7 17. f4 Nxe5 18. fxe5 f6 19. g5 fxg5 20. Qe2 Bd7 21. Rdg1 Rf5 22. Bxf5 exf5 23. Bd2 Be6 24. h4 g4 25. Rg3 Rf8 26. Bf4 Qd8 27. h5 Bg5 28. Qd2 Bxf4 29. Qxf4 Qg5 30. Qxg5 hxg5 31. Kd2 f4 32. Rgg1 g3 33. Ke1 Kh7 34. Rg2 Bf5 35. Rhg1 Be4 36. Rd2 Kh6 37. b4 a6 38. a4 Kxh5 39. b5 axb5 40. axb5 cxb5 41. Rd1 Kg4 42. Kd2 g2 43. c6 f3 44. e6 f2 45. e7 fxg1Q 46. exf8Q Qxd4+ 47. Ke2 Qxd1+ 48. Kxd1 g1Q+ 49. Ke2 Qg2+ 50. Ke1 Qg3+ 51. Kd2 Qf4+ 0-1

[Event "CZE-chT1c 9697"]
[Site "Czech Republic"]
[Date "1997.??.??"]
[Round "?"]
[White "Hornicek, Jiri"]
[Black "Nidl, Petr"]
[Result "1-0"]
[WhiteElo "2270"]
[BlackElo "2205"]
[PlyCount "117"]
[EventDate "1996.??.??"]
[EventType "team"]
[EventRounds "11"]
[EventCountry "CZE"]
[SourceTitle "EXT 1998"]
[Source "ChessBase"]
[SourceDate "1997.11.17"]
[SourceVersion "1"]
[SourceVersionDate "1997.11.17"]
[SourceQuality "1"]

1. Nf3 g6 2. d4 Bg7 3. e4 d5 4. exd5 Qxd5 5. Nc3 Qd8 6. Bc4 Nf6 7. Ne5 0-0 8. Be3 Nbd7 9. Qf3 c6 10. h3 Qa5 11. Ng4 Qb4 12. Bb3 Nxg4 13. a3 Nge5 14. dxe5 Qa5 15. e6 Bxc3+ 16. bxc3 Qxc3+ 17. Ke2 fxe6 18. Bxe6+ Kh8 19. Qe4 Nf6 20. Bd4 Qa5 21. Bc4 c5 22. Qxe7 Bg4+ 23. hxg4 cxd4 24. Rxh7+ Nxh7 25. Rh1 Rxf2+ 26. Kxf2 Qd2+ 27. Kf3 Qe3+ 28. Qxe3 dxe3 29. Kxe3 Kg7 30. Bd3 Rc8 31. Rb1 b6 32. Rb5 Re8+ 33. Kd4 Rf8 34. Kd5 Rf4 35. Rb4 Rf6 36. Rc4 Rf7 37. g5 Nxg5 38. Rc6 Rd7+ 39. Rd6 Rc7 40. Rxg6+ Kf7 41. Rc6 Rd7+ 42. Ke5 Ke7 43. Rc4 Nf7+ 44. Kf4 Nd6 45. Rd4 Rc7 46. g4 a5 47. g5 Rc3 48. g6 Nb7 49. Rc4 Rxc4+ 50. Bxc4 Kf6 51. Bd3 b5 52. c3 Nc5 53. Ke3 Nb3 54. Bc2 Nc1 55. Bd3 Na2 56. Kd2 b4 57. cxb4 axb4 58. a4 b3 59. a5 1-0

[Event "CZE-chT2b 9596"]
[Site "Czech Republic"]
[Date "1996.??.??"]
[Round "?"]
[White "Gdovin, Jan"]
[Black "Hornicek, Jiri"]
[Result "1/2-1/2"]
[WhiteElo "2250"]
[BlackElo "2275"]
[PlyCount "71"]
[EventDate "1995.??.??"]
[EventType "team"]
[EventRounds "11"]
[EventCountry "CZE"]
[SourceTitle "EXT 2000"]
[Source "ChessBase"]
[SourceDate "1999.11.16"]
[SourceVersion "1"]
[SourceVersionDate "1999.11.16"]
[SourceQuality "1"]

1. e4 c6 2. d4 d5 3. Nc3 dxe4 4. Nxe4 Nd7 5. Bc4 Ngf6 6. Ng5 e6 7. Qe2 Nb6 8. Bb3 h6 9. N5f3 a5 10. a4 c5 11. dxc5 Nbd7 12. Ne5 Nxe5 13. Qxe5 Nd7 14. Qd4 Qc7 15. Nf3 Nxc5 16. Bf4 Nxb3 17. cxb3 Qc5 18. Rc1 Qxd4 19. Nxd4 Bb4+ 20. Bd2 Bd6 21. Nb5 Ke7 22. Nxd6 Kxd6 23. b4 Bd7 24. bxa5 Bxa4 25. Ke2 Rhc8 26. Bb4+ Kd7 27. Rc3 Rxc3 28. Bxc3 f6 29. Ra1 Bb3 30. Ra3 Bc4+ 31. Ke3 e5 32. Ra4 Bd5 33. f4 exf4+ 34. Rxf4 Ke6 35. h4 Rc8 36. g4 1/2-1/2

[Event "CZE-chT2b 9596"]
[Site "Czech Republic"]
[Date "1996.??.??"]
[Round "?"]
[White "Hornicek, Jiri"]
[Black "Soukal, Rudolf"]
[Result "1-0"]
[WhiteElo "2275"]
[BlackElo "2265"]
[PlyCount "75"]
[EventDate "1995.??.??"]
[EventType "team"]
[EventRounds "11"]
[EventCountry "CZE"]
[SourceTitle "EXT 2000"]
[Source "ChessBase"]
[SourceDate "1999.11.16"]
[SourceVersion "1"]
[SourceVersionDate "1999.11.16"]
[SourceQuality "1"]

1. d4 Nf6 2. Nf3 d5 3. c4 c6 4. cxd5 cxd5 5. Nc3 Nc6 6. Bf4 e6 7. e3 Be7 8. Bd3 a6 9. h3 b5 10. a4 b4 11. Na2 Ne4 12. Nc1 Bb7 13. Nb3 0-0 14. 0-0 Re8 15. a5 Bf8 16. Qe2 f6 17. Bh2 Bd6 18. Bxd6 Qxd6 19. Rfd1 Ra7 20. Nfd2 Nxd2 21. Bxh7+ Kf8 22. Rxd2 Ne7 23. Bd3 e5 24. Qd1 Bc8 25. e4 exd4 26. Nxd4 Qf4 27. Ne2 Qg5 28. Ng3 Rd7 29. Be2 Red8 30. Bg4 f5 31. exf5 Rc7 32. Rd3 Kg8 33. Rd4 Bb7 34. Rxb4 Rdc8 35. Kh2 Ba8 36. Qd4 Rc4 37. Rxc4 dxc4 38. Re1 1-0

[Event "CZE-chT1b"]
[Site "Czech Republic"]
[Date "1995.??.??"]
[Round "?"]
[White "Hornicek, Jiri"]
[Black "Svoboda, Milos"]
[Result "1-0"]
[WhiteElo "2275"]
[BlackElo "2250"]
[PlyCount "124"]
[EventDate "1995.??.??"]
[EventType "team"]
[EventRounds "11"]
[EventCountry "CZE"]
[SourceTitle "EXT 1997"]
[Source "ChessBase"]
[SourceDate "1996.11.15"]
[SourceVersion "1"]
[SourceVersionDate "1996.11.15"]
[SourceQuality "1"]

1. c4 e5 2. Nc3 f5 3. Nf3 Nc6 4. d4 e4 5. Bg5 Be7 6. Bxe7 Ncxe7 7. Ng5 Ng6 8. Nh3 Nf6 9. e3 d6 10. Be2 c6 11. 0-0 0-0 12. b4 Qe7 13. b5 Ng4 14. bxc6 bxc6 15. Nf4 Nxf4 16. exf4 Nf6 17. Rb1 Qc7 18. Qa4 Bd7 19. Qa6 Rab8 20. g3 Rxb1 21. Rxb1 Rb8 22. Rxb8+ Qxb8 23. c5 d5 24. Qa3 Be8 25. Ba6 h6 26. h4 Bd7 27. Qb3 Qc7 28. Qb4 Bc8 29. Be2 Kh7 30. a3 Ng8 31. Bf1 Ne7 32. Qa4 Ng6 33. Nd1 Nf8 34. Ne3 g6 35. Bh3 Qb7 36. Qa5 Qe7 37. h5 Be6 38. hxg6+ Kxg6 39. Ng2 Kf6 40. Ne3 h5 41. Qa6 Qd7 42. Nc2 Ng6 43. Qe2 Qh7 44. Nb4 h4 45. Kg2 hxg3 46. fxg3 Qb7 47. Qa6 Qxa6 48. Nxa6 Bc8 49. Nb4 Bb7 50. Kf2 Nf8 51. Bf1 Ne6 52. Ke3 Nc7 53. Kd2 a5 54. Nc2 Ba6 55. Bxa6 Nxa6 56. Kc3 Nc7 57. Kb3 Nb5 58. Ka4 e3 59. Nxe3 Nxd4 60. Kxa5 Nb5 61. Nxd5+ Ke6 62. a4 Nd4 1-0

[Event "CZE-chT2b 9596"]
[Site "Czech Republic"]
[Date "1995.??.??"]
[Round "?"]
[White "Jezek, Jan"]
[Black "Hornicek, Jiri"]
[Result "1/2-1/2"]
[WhiteElo "2496"]
[BlackElo "2275"]
[PlyCount "54"]
[EventDate "1995.??.??"]
[EventType "team"]
[EventRounds "11"]
[EventCountry "CZE"]
[SourceTitle "EXT 2000"]
[Source "ChessBase"]
[SourceDate "1999.11.16"]
[SourceVersion "1"]
[SourceVersionDate "1999.11.16"]
[SourceQuality "1"]

1. c4 g6 2. Nc3 c5 3. e3 Bg7 4. d4 cxd4 5. exd4 d6 6. Nf3 Bg4 7. Be2 Nc6 8. 0-0 Nh6 9. Ne1 Bxe2 10. Nxe2 d5 11. Bxh6 Bxh6 12. c5 Bg7 13. f4 Qd7 14. Nf3 f6 15. a3 0-0 16. Nc3 Rad8 17. Qe2 Qg4 18. h3 Qf5 19. Rad1 Qd7 20. b4 a6 21. Ne1 e6 22. Nc2 Rfe8 23. a4 Ra8 24. Kh1 f5 25. Qd2 Kh8 26. Ne2 Ne7 27. Ra1 Ng8 1/2-1/2